000 00508nam a2200205Ia 4500
003 LK-CoDNM
005 20240913093451.0
008 010623t xxu||||| |||| 00| 1 eng d
040 _aLK-CoDNM
_dLK-CoDNM
_eLK-CoDNM
041 _asin
080 _a14
_bC3
245 _aඥනාදශීය - හය වෙනි කාණ්ඩය
246 _aJnanadarsaya
260 _aකොළඹ
300 _b505p. : 24 cm
650 _aAlgama Grant
650 _aPoetry
650 _aPuzzles
942 _cBK
999 _c138370
_d138370